000 00332 a2200157 4500
001 179582
020 _a
040 _cMagnum
100 _aAlvarenga, Terezinha
240 1 0 _aEntre anto e tantos
_lpor
245 1 0 _aEntre anto e tantos
362 0 _a1899
440 1 _aMiguilim
697 _aMAGNITO: IJ/ANIMAIS
942 _cBK
999 _c179582
_d179582